000 00336nam a2200121Ia 4500
008 190216s9999||||xx |||||||||||||| ||und||
100 _aLallan Prasad & Babberjee Am
245 0 _aManagement For Human Resources
260 _bSterling Publications
_c1991
300 _a189p
650 _aManagement For Human Resources
942 _cREF
999 _c35776
_d35776